| 000 | 00988nam a2200313 i 4500 | ||
|---|---|---|---|
| 001 | 8134 | ||
| 003 | KOSZ 005 | ||
| 005 | 20240405062957.0 | ||
| 008 | 950707s1964 pl f u |000 0 pol d | ||
| 040 |
_cKOSZ 005 _aKOSZ 005 _dKOSZ005/HR |
||
| 041 | _apol | ||
| 045 | _ad1963 | ||
| 046 | _k1964 | ||
| 080 | _a006 | ||
| 245 | 0 | 0 |
_aStal : _bwyciągi z polskich norm / _cPolski Komitet Normalizacyjny. |
| 250 | _aStan na dzień 1 lipca 1963 r. | ||
| 260 |
_aWarszawa : _bWydawnictwa Normalizacyjne, _c1964. |
||
| 300 |
_a771, [1] strona, [2] karty tablic luzem : _bilustracje ; _c23 cm. |
||
| 380 | _aKsiążki | ||
| 388 | _a1901-2000 | ||
| 658 | _aInżynieria i technika | ||
| 648 | _a1901-2000 | ||
| 648 | _a1945-1989 | ||
| 650 | 4 | _aStal | |
| 650 | 4 | _aNormy | |
| 710 | 2 |
_aWydawnictwa Normalizacyjne _4pbl. |
|
| 856 |
_uhttp://koha.tu.koszalin.pl/cgi-bin/koha/opac-detail.pl?biblionumber=8134 _yKatalog online BPK |
||
| 942 |
_cKS _2UKD |
||
| 999 |
_c8134 _d8134 |
||